000 00714nam a2200241 a 4500
001 000020022
005 20200929170231.0
008 100712s1968 sp 001 p spa d
082 _a861.5
_bC355ó, 1968
100 1 _aCastro, Rosalía de,
_d1837-1885
_915026
245 1 0 _aObra poética /
_cRosalía Castro.
250 _a6a ed.
260 _aMadrid :
_bEspasa-Calpe,
_c1968.
300 _a156 p. ;
_c18 cm.
490 1 _aAustral. Violeta: teatro y poesía
_v243
500 _aIncluye índice de autores.
650 4 _aPoesía española
_9631
650 4 _aLiteratura española
_9632
830 0 _aAustral.
_pVioleta: teatro y poesía;
_v243
_939559
910 _aWM
049 _aBNGR
999 _c19534
_d19534
040 _aDO-SdBNP